[Event "ESP-ch U18"]
[Site "Salobrena"]
[Date "2021.07.28"]
[Round "5"]
[White "Barragan Arriaza, Pablo"]
[Black "Aguado Doncel, Pablo Luis"]
[Result "1-0"]
[WhiteElo "1913"]
[BlackElo "2129"]
[PlyCount "59"]
[EventDate "2021.07.26"]
[EventType "swiss"]
[EventRounds "9"]
[EventCountry "ESP"]
[SourceTitle "CBM 203 Extra"]
[Source "ChessBase"]
[SourceDate "2021.09.30"]
[SourceVersion "1"]
[SourceVersionDate "2021.09.30"]
[SourceQuality "1"]

1. d4 d5 2. c4 e6 3. Nf3 Nf6 4. Bg5 Be7 5. Nc3 0-0 6. e3 Nbd7 7. cxd5 exd5 8. Bd3 c5 9. 0-0 b6 10. Ne5 Nxe5 11. dxe5 Ng4 12. Bf4 d4 13. Be4 dxc3 14. Bxa8 cxb2 15. Rb1 Be6 16. Bf3 Qxd1 17. Rfxd1 g5 18. Bg3 b5 19. Rxb2 b4 20. Bd5 Rd8 21. Rbd2 Bxd5 22. Rxd5 Rc8 23. Rd7 Bf8 24. Rd8 Rc6 25. R1d6 Rc7 26. h3 c4 27. hxg4 c3 28. Rd1 Kg7 29. e6 Rc6 30. Be5+ 1-0

[Event "Madrid-chT 2021"]
[Site "Madrid"]
[Date "2021.03.13"]
[Round "4.6"]
[White "Saez Mohedano, Marcos"]
[Black "Barragan Arriaza, Pablo"]
[Result "0-1"]
[WhiteElo "1378"]
[BlackElo "1893"]
[PlyCount "144"]
[EventDate "2021.01.23"]
[EventType "team-tourn"]
[EventRounds "14"]
[EventCountry "ESP"]
[SourceTitle "EXT 2022"]
[Source "ChessBase"]
[SourceDate "2021.10.06"]
[SourceVersion "1"]
[SourceVersionDate "2021.10.06"]
[SourceQuality "1"]
[WhiteTeam "Virgen de Atocha"]
[BlackTeam "Capablanca"]
[WhiteTeamCountry "ESP"]
[BlackTeamCountry "ESP"]

1. e4 e5 2. Nf3 Nc6 3. Bc4 Bc5 4. c3 Nf6 5. d4 exd4 6. cxd4 Bb4+ 7. Nc3 Nxe4 8. 0-0 Bxc3 9. d5 Bf6 10. dxc6 0-0 11. cxd7 Bxd7 12. Qc2 Nd6 13. Bd3 h6 14. Bd2 Bc6 15. Kh1 Qd7 16. Rg1 Rfe8 17. Rae1 Qg4 18. Qd1 Ne4 19. Be3 Rad8 20. Qc2 Ng5 21. Nxg5 Bxg5 22. Bh7+ Kh8 23. Bf5 Qb4 24. a3 Qa5 25. b4 Qxa3 26. Bxg5 hxg5 27. b5 Rxe1 28. Rxe1 Re8 29. Rd1 Bxb5 30. Qxc7 Qe7 31. Qc3 Qf6 32. Qh3+ Qh6 33. Qg4 g6 34. Bd7 Be2 35. Qd4+ Qg7 36. Bxe8 Bxd1 37. Qxd1 Qf6 38. Qe1 b6 39. Bb5 Kg7 40. h3 a5 41. Qe3 a4 42. Qa3 Qxf2 43. Qxa4 Qe1+ 44. Kh2 Qe5+ 45. Kg1 Qe1+ 46. Bf1 Qe3+ 47. Kh2 Qe5+ 48. g3 Qb2+ 49. Kh1 Qf2 50. Qa1+ Kh7 51. g4 Kg8 52. Qd1 Qc5 53. Qe2 Qd4 54. Qd3 Qf6 55. Qb5 Kg7 56. Kg2 Kg8 57. Be2 Kg7 58. Bf3 Kg8 59. Bc6 Qd8 60. Bd5 Qf6 61. Qc6 Qb2+ 62. Kf3 Qa3+ 63. Ke4 Qe7+ 64. Kd4 Qb4+ 65. Qc4 Qb2+ 66. Qc3 Qf2+ 67. Qe3 Qb2+ 68. Ke4 Qg2+ 69. Ke5 Qh2+ 70. Kd4 Qb2+ 71. Qc3 Qf2+ 72. Ke5 Qf4# 0-1

[Event "Madrid-ch Previa-B"]
[Site "Madrid"]
[Date "2020.02.14"]
[Round "4"]
[White "Barbero Rodriguez, Israel"]
[Black "Barragan Arriaza, Pablo"]
[Result "0-1"]
[WhiteElo "1982"]
[BlackElo "1886"]
[PlyCount "86"]
[EventDate "2020.02.06"]
[EventType "swiss"]
[EventRounds "9"]
[EventCountry "ESP"]
[SourceTitle "CBM 195 Extra"]
[Source "ChessBase"]
[SourceDate "2020.05.31"]
[SourceVersion "1"]
[SourceVersionDate "2020.05.31"]
[SourceQuality "1"]

1. e4 e5 2. Nf3 Nc6 3. Bc4 Bc5 4. 0-0 Nf6 5. Nc3 a6 6. a3 d6 7. h3 Be6 8. Bxe6 fxe6 9. d3 0-0 10. Bg5 Qe8 11. b4 Bb6 12. Be3 Bd4 13. Bxd4 exd4 14. Ne2 e5 15. c3 dxc3 16. Nxc3 Kh8 17. Rc1 Qd7 18. Ne2 Rad8 19. Ng3 d5 20. exd5 Qxd5 21. Rc5 Qxd3 22. Qxd3 Rxd3 23. Nxe5 Nxe5 24. Rxe5 Rxa3 25. Re7 Rc3 26. Nf5 Ng8 27. Re5 g6 28. Nd4 Rc4 29. Rd5 Nf6 30. Ne6 Nxd5 31. Nxf8 Rxb4 32. Re1 Kg8 33. Nd7 Rf4 34. g3 Rb4 35. Kg2 a5 36. g4 a4 37. Kg3 a3 38. Kh4 a2 39. Kg5 Rb1 40. Re6 a1Q 41. Ne5 Qa4 42. Kh6 Qf4+ 43. g5 Qf8# 0-1

[Event "Madrid Chamartin op 8th"]
[Site "Madrid"]
[Date "2019.09.12"]
[Round "6"]
[White "Barragan Arriaza, Pablo"]
[Black "Fernandez Aransay, Fernando"]
[Result "1/2-1/2"]
[WhiteElo "1938"]
[BlackElo "1786"]
[PlyCount "162"]
[EventDate "2019.09.09"]
[EventType "swiss"]
[EventRounds "9"]
[EventCountry "ESP"]
[SourceTitle "CBM 192 Extra"]
[Source "Chessbase"]
[SourceDate "2019.11.06"]
[SourceVersion "1"]
[SourceVersionDate "2019.11.06"]
[SourceQuality "1"]

1. d4 d5 2. c4 e6 3. Nc3 Nf6 4. Nf3 Be7 5. Bg5 h6 6. Bh4 0-0 7. e3 b6 8. cxd5 exd5 9. Be2 Bb7 10. 0-0 Nbd7 11. Rc1 c5 12. Bg3 Ne4 13. dxc5 Nxg3 14. hxg3 Nxc5 15. Nd4 Bf6 16. b4 Ne4 17. Bb5 Nxc3 18. Rxc3 Qd6 19. a3 Rac8 20. Rd3 Rfd8 21. Qd2 Qe5 22. Rd1 g6 23. Ba4 Kg7 24. Bb3 a6 25. Qa2 Qe7 26. Nf3 Bc6 27. Nd4 Bb7 28. Ne2 Bc6 29. Nf4 Qe5 30. Nxd5 Bb5 31. R3d2 Rd6 32. a4 Be8 33. Nxf6 Rxf6 34. Rd4 g5 35. Qd2 Qe7 36. Rd3 Bc6 37. Qb2 Kg8 38. Qd4 Kg7 39. Qg4 Qe4 40. Qxe4 Bxe4 41. Rd4 Bc2 42. Rc1 Bf5 43. Rxc8 Bxc8 44. Bc4 a5 45. b5 Be6 46. f3 Bxc4 47. Rxc4 Rd6 48. Rc6 Rd1+ 49. Kf2 Rd2+ 50. Kf1 Ra2 51. Rxb6 Rxa4 52. Ra6 Ra2 53. b6 Rb2 54. Rxa5 Rxb6 55. f4 Kg6 56. Kf2 Rb2+ 57. Kf3 gxf4 58. gxf4 Rb6 59. e4 Rc6 60. g3 h5 61. Rg5+ Kh6 62. e5 f6 63. Rf5 fxe5 64. fxe5 Rc3+ 65. Kf4 Rc4+ 66. Kf3 Rc3+ 67. Kf2 Rc5 68. Ke3 Kg6 69. Rf6+ Kg5 70. Kd4 Ra5 71. Rc6 Kf5 72. Rf6+ Kg5 73. Rf4 Ra4+ 74. Kd5 Ra5+ 75. Ke6 Ra6+ 76. Kf7 Ra7+ 77. Ke8 Ra8+ 78. Kd7 Ra7+ 79. Kd6 Ra6+ 80. Kd5 Ra5+ 81. Ke4 Ra4+ 1/2-1/2

[Event "Madrid-ch U16"]
[Site "Madrid"]
[Date "2019.03.31"]
[Round "4"]
[White "Barragan Arriaza, Pablo"]
[Black "Andrade Sandoval, Bianca"]
[Result "1-0"]
[WhiteElo "1899"]
[BlackElo "1879"]
[PlyCount "95"]
[EventDate "2019.03.30"]
[EventType "swiss"]
[EventRounds "6"]
[EventCountry "ESP"]
[SourceTitle "EXT 2021"]
[Source "ChessBase"]
[SourceDate "2020.10.23"]
[SourceVersion "1"]
[SourceVersionDate "2020.10.23"]
[SourceQuality "1"]

1. c4 e6 2. Nf3 d5 3. b3 Nf6 4. g3 c5 5. Bg2 Nc6 6. 0-0 Be7 7. e3 0-0 8. Qe2 b6 9. d3 Bb7 10. Bb2 dxc4 11. bxc4 Qc7 12. Nc3 Rfd8 13. Rfd1 Rac8 14. e4 Nd7 15. Nb5 Qb8 16. Na3 Nb4 17. Nc2 Nxc2 18. Qxc2 Bf6 19. Bxf6 Nxf6 20. a4 Qc7 21. a5 bxa5 22. Qc3 Bc6 23. Ne5 Ba8 24. Rdb1 Rb8 25. Rxb8 Rxb8 26. Rxa5 Rb4 27. Qa1 Rb7 28. Ra6 Qb8 29. Qa5 Qc7 30. Rc6 Qb8 31. Rxc5 Nd7 32. Nxd7 Rxd7 33. Rb5 Qe8 34. Qc3 h6 35. d4 Bc6 36. Ra5 Rb7 37. Ra1 Qb8 38. d5 exd5 39. exd5 Bd7 40. Rc1 Rb3 41. Qe1 Rb2 42. c5 Bg4 43. h3 Bf5 44. g4 Bd3 45. d6 Bb5 46. Qe5 Re2 47. Qd4 Qe8 48. c6 1-0

[Event "Madrid-ch U16"]
[Site "Madrid"]
[Date "2019.03.31"]
[Round "3"]
[White "Barragan Arriaza, Pablo"]
[Black "Perdiguero Herreros, Alejandro"]
[Result "1-0"]
[WhiteElo "1899"]
[BlackElo "1567"]
[PlyCount "69"]
[EventDate "2019.03.30"]
[EventType "swiss"]
[EventRounds "6"]
[EventCountry "ESP"]
[SourceTitle "EXT 2021"]
[Source "ChessBase"]
[SourceDate "2020.10.23"]
[SourceVersion "1"]
[SourceVersionDate "2020.10.23"]
[SourceQuality "1"]

1. c4 Nf6 2. Nf3 e6 3. g3 d5 4. b3 a5 5. Nc3 c6 6. d4 Bb4 7. Bb2 Ne4 8. Rc1 a4 9. Nd2 Nxd2 10. Qxd2 axb3 11. axb3 dxc4 12. bxc4 Nd7 13. Bg2 Nb6 14. Qd3 e5 15. d5 cxd5 16. cxd5 0-0 17. 0-0 f5 18. e4 f4 19. Ne2 Bd6 20. gxf4 exf4 21. e5 Bb8 22. e6 Bxe6 23. Qc3 Qg5 24. dxe6 f3 25. Ng3 fxg2 26. Kxg2 Re8 27. Rfe1 Nd5 28. Qb3 Nf4+ 29. Kh1 Qe7 30. Nf5 Qf8 31. Nxg7 Re7 32. Nf5 Ba7 33. Nxe7+ Qxe7 34. Rc7 Qxc7 35. e7+ 1-0

[Event "Madrid-ch U16"]
[Site "Madrid"]
[Date "2019.03.30"]
[Round "1"]
[White "Martin Garcia, Santiago"]
[Black "Barragan Arriaza, Pablo"]
[Result "0-1"]
[WhiteElo "1532"]
[BlackElo "1899"]
[PlyCount "88"]
[EventDate "2019.03.30"]
[EventType "swiss"]
[EventRounds "6"]
[EventCountry "ESP"]
[SourceTitle "EXT 2021"]
[Source "ChessBase"]
[SourceDate "2020.10.23"]
[SourceVersion "1"]
[SourceVersionDate "2020.10.23"]
[SourceQuality "1"]

1. d4 d5 2. c4 c6 3. Nc3 Nf6 4. Bg5 Nbd7 5. Nf3 e6 6. e3 Be7 7. Be2 0-0 8. 0-0 Re8 9. Re1 Ne4 10. Nxe4 dxe4 11. Bxe7 Qxe7 12. Nd2 e5 13. f3 exd4 14. exd4 e3 15. Bd3 Qd8 16. Nf1 Qg5 17. Qe2 f5 18. Qc2 Nf6 19. Re2 f4 20. Kh1 Qh5 21. Rae1 g5 22. Bf5 Bxf5 23. Qxf5 Qg6 24. Qxg6+ hxg6 25. Rd1 Rad8 26. g3 Rd6 27. gxf4 gxf4 28. Rg2 e2 29. Re1 exf1Q+ 30. Rxf1 Kg7 31. Rd1 Red8 32. Rgd2 Ng8 33. Rd3 Ne7 34. b3 Nf5 35. d5 cxd5 36. cxd5 Ne3 37. R1d2 Rxd5 38. Rxd5 Rxd5 39. Rxd5 Nxd5 40. Kg2 Kf6 41. h3 g5 42. Kf2 Ke5 43. Kg2 Nc3 44. a3 Nb1 0-1

[Event "Madrid-ch sf"]
[Site "Madrid"]
[Date "2018.05.12"]
[Round "8"]
[White "Iagar, Razvan Gabriel"]
[Black "Barragan Arriaza, Pablo"]
[Result "1/2-1/2"]
[WhiteElo "2213"]
[BlackElo "2030"]
[PlyCount "43"]
[EventDate "2018.05.05"]
[EventType "swiss"]
[EventRounds "9"]
[EventCountry "ESP"]
[SourceTitle "CBM 184 Extra"]
[Source "ChessBase"]
[SourceDate "2018.06.28"]
[SourceVersion "1"]
[SourceVersionDate "2018.06.28"]
[SourceQuality "1"]

1. d4 d5 2. c4 e6 3. cxd5 exd5 4. Nc3 Nf6 5. Bg5 Be7 6. Qc2 0-0 7. e3 c6 8. Bd3 h6 9. Bh4 Re8 10. Nf3 Nbd7 11. 0-0 Nh5 12. Bxe7 Qxe7 13. Rab1 Nhf6 14. Rfc1 Ne4 15. b4 a6 16. Na4 b5 17. Nc5 Ndxc5 18. bxc5 f6 19. Re1 Ra7 20. Nd2 Nxd2 21. Qxd2 f5 22. a3 1/2-1/2

[Event "Madrid-ch sf"]
[Site "Madrid"]
[Date "2018.05.05"]
[Round "1"]
[White "Barragan Arriaza, Pablo"]
[Black "Fernandez Aransay, Fernando"]
[Result "0-1"]
[WhiteElo "2030"]
[BlackElo "1871"]
[PlyCount "146"]
[EventDate "2018.05.05"]
[EventType "swiss"]
[EventRounds "9"]
[EventCountry "ESP"]
[SourceTitle "CBM 184 Extra"]
[Source "ChessBase"]
[SourceDate "2018.06.28"]
[SourceVersion "1"]
[SourceVersionDate "2018.06.28"]
[SourceQuality "1"]

1. c4 e6 2. Nf3 d5 3. b3 Nf6 4. g3 b6 5. Bg2 Bb7 6. Bb2 Be7 7. 0-0 0-0 8. e3 Nbd7 9. Qe2 c5 10. cxd5 exd5 11. d4 Rc8 12. Nc3 Qc7 13. Rac1 Qb8 14. Ne5 Nxe5 15. dxe5 Ne4 16. f4 Rcd8 17. Nxe4 dxe4 18. Rcd1 Qc8 19. h3 Ba6 20. Qc2 Bxf1 21. Rxf1 Qd7 22. Qxe4 Qd3 23. Qf3 Qc2 24. Bc1 Rd7 25. f5 Rfd8 26. f6 gxf6 27. exf6 Bf8 28. Qg4+ Qg6 29. Qh4 Rd1 30. Be4 Rxf1+ 31. Kxf1 Qh6 32. Qg4+ Kh8 33. Qf3 Qxh3+ 34. Kf2 Bd6 35. Qg2 Qxg2+ 36. Kxg2 Be5 37. Bc2 Bxf6 38. Kf3 Be5 39. g4 Kg7 40. Ke4 Bf6 41. Kf4 h6 42. Kf3 Bg5 43. Bb2+ f6 44. Bc1 Kf7 45. Ke2 Ke7 46. Bd3 Rd6 47. Bb2 Rd8 48. Bc3 Kd6 49. a4 Rh8 50. Bg6 Rb8 51. Bd3 Re8 52. Bd2 Kc7 53. Kf3 Rd8 54. Ke2 Bh4 55. Bc3 Rd6 56. Bc4 Bg3 57. Bd3 Be5 58. Bd2 Rd8 59. Be4 Ra8 60. Bg6 Rg8 61. Bf5 a6 62. Kf3 b5 63. axb5 axb5 64. Ba5+ Kd6 65. Bd2 Ra8 66. Bd3 Rb8 67. Ke4 Rg8 68. Kf3 Kc6 69. Be4+ Kb6 70. Bd3 Ra8 71. Ke4 Ra2 72. Bc1 Ra1 73. Bd2 Rd1 0-1

[Event "Madrid-ch U16"]
[Site "Madrid"]
[Date "2018.04.15"]
[Round "4"]
[White "Lopez Mijail, Nicolas"]
[Black "Barragan Arriaza, Pablo"]
[Result "1/2-1/2"]
[WhiteElo "1998"]
[BlackElo "2030"]
[PlyCount "80"]
[EventDate "2018.04.14"]
[EventType "swiss"]
[EventRounds "6"]
[EventCountry "ESP"]
[SourceTitle "EXT 2019"]
[Source "ChessBase"]
[SourceDate "2018.10.10"]
[SourceVersion "1"]
[SourceVersionDate "2018.10.10"]
[SourceQuality "1"]

1. e4 e5 2. Nf3 Nc6 3. Bb5 a6 4. Ba4 Nf6 5. 0-0 Be7 6. Re1 b5 7. Bb3 d6 8. c3 0-0 9. h3 Na5 10. Bc2 c5 11. d4 Nc6 12. d5 Nb8 13. Nbd2 c4 14. a4 Bb7 15. Nf1 Re8 16. Ng3 g6 17. Nh2 Bf8 18. Ng4 Nxg4 19. hxg4 Nd7 20. Be3 Bg7 21. Qd2 Qe7 22. Bg5 Bf6 23. Bxf6 Qxf6 24. g5 Qg7 25. Nf1 f6 26. Nh2 fxg5 27. Qxg5 Nf6 28. Nf3 h6 29. Qe3 Nd7 30. g3 g5 31. Kg2 Qg6 32. Rh1 Kg7 33. Bd1 Nc5 34. Nd2 Rf8 35. f3 Qf6 36. Ra2 Qd8 37. Nf1 Rb8 38. Qd2 Bc8 39. Ne3 Bd7 40. Bc2 Qb6 1/2-1/2

[Event "Madrid-ch U16"]
[Site "Madrid"]
[Date "2018.04.14"]
[Round "1"]
[White "Barragan Arriaza, Pablo"]
[Black "Rojo Jorge, Luis"]
[Result "1-0"]
[WhiteElo "2030"]
[BlackElo "1654"]
[PlyCount "65"]
[EventDate "2018.04.14"]
[EventType "swiss"]
[EventRounds "6"]
[EventCountry "ESP"]
[SourceTitle "EXT 2019"]
[Source "ChessBase"]
[SourceDate "2018.10.10"]
[SourceVersion "1"]
[SourceVersionDate "2018.10.10"]
[SourceQuality "1"]

1. c4 Nf6 2. g3 g6 3. Bg2 d5 4. Nf3 Bg7 5. cxd5 Nxd5 6. Nc3 Nxc3 7. bxc3 0-0 8. 0-0 c5 9. Rb1 Nc6 10. Qa4 Qc7 11. Ba3 b6 12. d4 Bd7 13. dxc5 bxc5 14. Bxc5 Bxc3 15. Rfc1 Nd4 16. Qd1 Qxc5 17. Nxd4 Rab8 18. Nb3 Qc7 19. Qd3 Rfc8 20. Rc2 Bb5 21. Qe3 Qe5 22. Rbc1 Qf6 23. Rxc3 Rd8 24. Na5 Rb6 25. Nc6 Bxc6 26. Bxc6 Rb2 27. a3 Rdd2 28. Bf3 Qd6 29. Rc6 Rd1+ 30. Kg2 Qd4 31. Rxd1 Qxd1 32. Rc8+ Kg7 33. Qc3+ 1-0

[Event "Madrid-ch Previa-B"]
[Site "Madrid"]
[Date "2018.02.23"]
[Round "8"]
[White "Barragan Arriaza, Pablo"]
[Black "Andrade Sandoval, Jim Carlos"]
[Result "1-0"]
[WhiteElo "1884"]
[BlackElo "1971"]
[PlyCount "91"]
[EventDate "2018.02.01"]
[EventType "swiss"]
[EventRounds "9"]
[EventCountry "ESP"]
[SourceTitle "EXT 2020"]
[Source "ChessBase"]
[SourceDate "2019.10.17"]
[SourceVersion "1"]
[SourceVersionDate "2019.10.17"]
[SourceQuality "1"]

1. c4 c6 2. Nf3 d5 3. b3 e6 4. g3 Nf6 5. Bg2 Be7 6. 0-0 0-0 7. Bb2 Nbd7 8. e3 Qc7 9. Nc3 e5 10. d3 Rd8 11. Qe2 Bb4 12. cxd5 Bxc3 13. Bxc3 Nxd5 14. Bb2 f6 15. Rac1 N7b6 16. a3 Be6 17. Nd2 Ne7 18. Rfd1 Rac8 19. Nc4 Nf5 20. d4 exd4 21. exd4 Qf7 22. Qc2 Nd6 23. Bf1 Nbxc4 24. bxc4 b5 25. Bd3 f5 26. d5 cxd5 27. c5 Nc4 28. Bd4 Nxa3 29. Qb3 Nc4 30. Qxb5 Rb8 31. Qa6 Re8 32. Ra1 Re7 33. Ra2 Bc8 34. Qa4 a6 35. Bxc4 dxc4 36. Rc2 Rb5 37. Be3 Rd7 38. Rxd7 Bxd7 39. Qxa6 Rb1+ 40. Kg2 Qd5+ 41. f3 Qd1 42. Qxc4+ Kh8 43. Rd2 Qh1+ 44. Kh3 Qxf3 45. Rxd7 Qh5+ 46. Qh4 1-0

[Event "Madrid-ch Previa-B"]
[Site "Madrid"]
[Date "2018.02.17"]
[Round "7"]
[White "Rojas Pozo, Jose Luis"]
[Black "Barragan Arriaza, Pablo"]
[Result "1/2-1/2"]
[WhiteElo "1952"]
[BlackElo "1884"]
[PlyCount "57"]
[EventDate "2018.02.01"]
[EventType "swiss"]
[EventRounds "9"]
[EventCountry "ESP"]
[SourceTitle "EXT 2020"]
[Source "ChessBase"]
[SourceDate "2019.10.17"]
[SourceVersion "1"]
[SourceVersionDate "2019.10.17"]
[SourceQuality "1"]

1. d4 d5 2. Nf3 Nf6 3. c4 c6 4. Nc3 e6 5. e3 Nbd7 6. Bd3 dxc4 7. Bxc4 b5 8. Bd3 Bd6 9. Ne4 Nxe4 10. Bxe4 Bb7 11. Bd2 Nf6 12. Bd3 Qe7 13. 0-0 0-0 14. Qe2 a6 15. e4 e5 16. dxe5 Bxe5 17. Nxe5 Qxe5 18. Bc3 Qe7 19. b4 Rfe8 20. Rfe1 c5 21. Bxf6 Qxf6 22. bxc5 Qd4 23. Rac1 Rac8 24. Qe3 Qxe3 25. Rxe3 Re5 26. Re2 Rexc5 27. Rxc5 Rxc5 28. Rc2 Rxc2 29. Bxc2 1/2-1/2

[Event "Madrid Chamartin op 6th"]
[Site "Madrid"]
[Date "2017.09.07"]
[Round "6"]
[White "Bustos Bernardo, Samuel"]
[Black "Barragan Arriaza, Pablo"]
[Result "0-1"]
[WhiteElo "2096"]
[BlackElo "1908"]
[PlyCount "84"]
[EventDate "2017.09.04"]
[EventType "swiss"]
[EventRounds "9"]
[EventCountry "ESP"]
[SourceTitle "CBM 180 Extra"]
[Source "ChessBase"]
[SourceDate "2017.10.06"]
[SourceVersion "1"]
[SourceVersionDate "2017.10.06"]
[SourceQuality "1"]

1. Nf3 d5 2. d4 Nf6 3. c4 c6 4. Nc3 e6 5. Bg5 Nbd7 6. e3 Be7 7. Bd3 0-0 8. 0-0 Re8 9. cxd5 exd5 10. Qc2 Nf8 11. h3 Nh5 12. Bxe7 Qxe7 13. Rae1 Nf6 14. e4 dxe4 15. Nxe4 Nxe4 16. Bxe4 Be6 17. d5 cxd5 18. Bxd5 Rad8 19. Be4 Ng6 20. Re3 Qf6 21. Rfe1 Re7 22. h4 Nxh4 23. Bxh7+ Kh8 24. Nxh4 Qxh4 25. Bd3 Red7 26. Re4 Qf6 27. R1e3 g6 28. Rf3 Bf5 29. b3 Qa1+ 30. Kh2 Bxe4 31. Bxe4 Kg8 32. Rh3 Qe5+ 33. g3 Rd2 34. Qc4 R8d4 35. Qc8+ Rd8 36. Qxb7 Rxf2+ 37. Bg2 Rdd2 38. Kh1 Qe1+ 39. Kh2 Qf1 40. Rh4 Qxg2+ 41. Qxg2 Rxg2+ 42. Kh1 Rge2 0-1

[Event "Madrid Codes Memorial 11th"]
[Site "Madrid"]
[Date "2017.05.28"]
[Round "7"]
[White "Cabezas Martin, Rodrigo"]
[Black "Barragan Arriaza, Pablo"]
[Result "0-1"]
[WhiteElo "1716"]
[BlackElo "1920"]
[PlyCount "54"]
[EventDate "2017.04.02"]
[EventType "swiss"]
[EventRounds "9"]
[EventCountry "ESP"]
[SourceTitle "EXT 2019"]
[Source "ChessBase"]
[SourceDate "2018.10.10"]
[SourceVersion "1"]
[SourceVersionDate "2018.10.10"]
[SourceQuality "1"]

1. d4 d5 2. c4 c6 3. Nc3 Nf6 4. cxd5 cxd5 5. Bf4 Nc6 6. e3 Bf5 7. Qb3 Qb6 8. Qxb6 axb6 9. Bb5 e6 10. Nf3 Bb4 11. 0-0 Bxc3 12. bxc3 0-0 13. Ne5 Nxe5 14. Bxe5 Rfc8 15. Rfc1 Ra3 16. c4 Bd3 17. Bd6 Raa8 18. Rc3 Ne4 19. Rxd3 Nxd6 20. a4 dxc4 21. Rdd1 Ra5 22. Rab1 c3 23. Rdc1 Nxb5 24. axb5 c2 25. Rb2 Ra1 26. Rxa1 c1Q+ 27. Rxc1 Rxc1# 0-1

[Event "Madrid-ch sf"]
[Site "Madrid"]
[Date "2017.04.04"]
[Round "7"]
[White "Barragan Arriaza, Pablo"]
[Black "Spitzer Isbert, Ramon"]
[Result "0-1"]
[WhiteElo "1872"]
[BlackElo "2023"]
[PlyCount "84"]
[EventDate "2017.03.27"]
[EventType "swiss"]
[EventRounds "9"]
[EventCountry "ESP"]
[SourceTitle "CBM 177 Extra"]
[Source "ChessBase"]
[SourceDate "2017.04.27"]
[SourceVersion "1"]
[SourceVersionDate "2017.04.27"]
[SourceQuality "1"]

1. c4 f5 2. g3 Nf6 3. Bg2 e6 4. Nf3 Be7 5. 0-0 0-0 6. d4 d6 7. Nc3 c6 8. d5 cxd5 9. cxd5 e5 10. Nd2 Nbd7 11. b4 b6 12. a4 Ba6 13. b5 Bb7 14. Ba3 Rc8 15. Rc1 Qe8 16. Nb3 Qg6 17. e3 Qh6 18. Qd2 g5 19. f4 Nc5 20. Nxc5 bxc5 21. h3 gxf4 22. exf4 Kh8 23. Qf2 Nd7 24. Bb2 Bf6 25. Rcd1 Nb6 26. fxe5 Bxe5 27. Na2 Nc4 28. Bxe5+ Nxe5 29. Qf4 Qg7 30. Nc1 c4 31. Rd4 Rce8 32. Rdd1 Bc8 33. Kh2 Rg8 34. Rg1 Ref8 35. Bf3 Rf6 36. Rg2 Rh6 37. Rdg1 Qf6 38. g4 Nxf3+ 39. Qxf3 Qe5+ 40. Qg3 Rxh3+ 41. Kxh3 fxg4+ 42. Kh2 Qh5+ 0-1

[Event "Madrid-ch sf"]
[Site "Madrid"]
[Date "2017.03.31"]
[Round "5"]
[White "Barragan Arriaza, Pablo"]
[Black "Ocana Lameiro, Oliver"]
[Result "0-1"]
[WhiteElo "1872"]
[BlackElo "1966"]
[PlyCount "68"]
[EventDate "2017.03.27"]
[EventType "swiss"]
[EventRounds "9"]
[EventCountry "ESP"]
[SourceTitle "CBM 177 Extra"]
[Source "ChessBase"]
[SourceDate "2017.04.27"]
[SourceVersion "1"]
[SourceVersionDate "2017.04.27"]
[SourceQuality "1"]

1. c4 c5 2. g3 Nf6 3. Bg2 Nc6 4. Nc3 g6 5. d3 Bg7 6. e4 d6 7. Nge2 0-0 8. 0-0 Bd7 9. h3 Rb8 10. f4 a6 11. a4 Ne8 12. g4 Nc7 13. a5 Ne6 14. Nd5 Nxa5 15. Nxe7+ Qxe7 16. Rxa5 Nd4 17. f5 gxf5 18. gxf5 Nxe2+ 19. Qxe2 Be5 20. Bf4 Kh8 21. Bxe5+ Qxe5 22. Qf2 Rg8 23. Qf4 Qxb2 24. Qf3 Rxg2+ 25. Qxg2 Rg8 26. Qxg8+ Kxg8 27. Rf3 f6 28. Rf2 Qb1+ 29. Kh2 Qxd3 30. Ra1 Qxe4 31. Rg1+ Kf7 32. Rfg2 Qf4+ 33. Rg3 Bc6 34. h4 Qxh4+ 0-1

[Event "Madrid-ch Previa-B"]
[Site "Madrid"]
[Date "2017.02.11"]
[Round "5"]
[White "Barragan Arriaza, Pablo"]
[Black "Marin Aso, Jose Luis"]
[Result "1/2-1/2"]
[WhiteElo "1813"]
[BlackElo "1882"]
[PlyCount "66"]
[EventDate "2017.02.02"]
[EventType "swiss"]
[EventRounds "9"]
[EventCountry "ESP"]
[SourceTitle "EXT 2018"]
[Source "ChessBase"]
[SourceDate "2017.10.13"]
[SourceVersion "1"]
[SourceVersionDate "2017.10.13"]
[SourceQuality "1"]

1. c4 e5 2. g3 d6 3. Bg2 g6 4. Nc3 Bg7 5. d3 Nf6 6. Nf3 c6 7. Rb1 0-0 8. 0-0 Nbd7 9. b4 Re8 10. b5 d5 11. bxc6 bxc6 12. Nd2 Nb6 13. cxd5 cxd5 14. a4 Be6 15. Ba3 Bf8 16. Bxf8 Rxf8 17. Nb3 Rc8 18. a5 Rxc3 19. axb6 axb6 20. Nd2 Qc7 21. Nf3 Rc2 22. Rxb6 Rc8 23. Rb1 d4 24. Ne1 Ra2 25. Nf3 Bg4 26. h3 Be6 27. Rc1 Qxc1 28. Qxc1 Rxc1 29. Rxc1 Rxe2 30. Bf1 Ra2 31. Nxe5 Bd5 32. Bg2 Re2 33. Bxd5 Nxd5 1/2-1/2